Größte Städte in Italien • A-Z - Statistiken

Allgemein
  • Dieses Quiz wurde 578 mal gespielt
  • Das Durchschnittsergebnis liegt bei 11 aus 18
Antwortstatistiken
# ~pop Stadt % Korrekt
R 2,973,000 Rom
99%
M 1,352,000 Mailand
97%
N 970,000 Neapel
94%
T 887,000 Turin
92%
F 384,000 Florenz
91%
V 262,000 Venedig
91%
G 584,000 Genua
85%
P 674,000 Palermo
84%
B 388,000 Bologna
81%
U 99,000 Udine
56%
C 313,000 Catania
51%
L 159,000 Livorno
44%
A 101,000 Ancona
43%
S 135,000 Salerno
36%
I 70,000 Imola
23%
O 60,000 Olbia
13%
E 53,000 Ercolano
5%
Q 71,000 Quartu'Sant Helena
2%
Keine übereinstimmenden Quizze gefunden
Verteilung der Resultate
Anzahl Personen mit jedem Resultat
Perzentil nach korrekt beantworteten Fragen
Ihre Resultats-Entwicklung
Sie haben dieses Quiz noch nicht gespielt